000 02756nam a2200337Ia 4500
003 OSt
005 20211109113815.0
008 191128t1994 sp d fr 001 0dspa d
020 _a8448118944
040 _aCO-JMCR
_cCO-JMCR
041 0 _aspa
082 0 4 _a339 /
_bD713m2
_223
100 1 _aDornbusch, Rudiger,
_eautor
_96785
245 1 0 _aMacroeconomía /
_cRudiger Dornbusch y Stanley Fischer ; traducción, Esther Rabasco y Luis Toharia ; revisión técnica José A. García-Durán ; adaptación y traducción del software Fernando Balcells González, Jordi Melé Carné
250 _aSexta edición
260 _aMadrid :
_bMcGraw-Hill,
_c©1994
300 _axix, 785 páginas :
_bgráficos a blanco y negro ;
_c24 cm.
500 _aIncluye datos biográficos de los autores e índice amiantico.
505 0 _aIntroducción a la economía: hechos y primeros modelos -- La demanda y oferta agregados y el crecimiento -- Los fundamentos de la conducta -- La inflación, el desempleo. los déficit presupuestarios y el ajuste internacional
520 3 _aDesde su publicación en la década de los años setenta esta obra ha sido, en sus sucesivas ediciones, el texto de referencia de macroeconomía a nivel mundial. En esta sexta edición los autores plasman todas sus experiencias docente e investigadora elaborando un manual útil para el alumno sin caer en lo "esotérico o especulativo". Reflejan los cambios de matriz derivados de los acontecimientos e investigaciones macroeconómicas de los últimos diez años y analizan, desde un punto de vista periodístico, la "enconada batalla que ha venido registrándose en la profesión". Por primera vez se adjunta un programa informático (PC-Macroeconomics) que sigue la secuencia del libro. Permite al estudiante comprender la macroeconomía gracias a la perfecta conjunción del texto, los datos y los gráficos. Ofrece la posibilidad de utilizar el modo de demostración y seguir visualmente el análisis, o el modo interactivo modificando los parámetros del programa como desee. Con él se pueden resolver los problemas focalizados al final de cada capítulo, desarrollar ejercicios de simulación de política económica y analizar los datos que aparecen en los anexos referidos a países concretos.
650 1 4 _aMacroeconomía
_97838
650 2 4 _aFundamentos política monetaria
_97839
650 2 4 _aCrecimiento económico
_93636
700 1 _aFischer, Stanley,
_eautor
_97840
700 1 _aRabasco, Esther,
_etraductora
_94986
700 1 _aToharia, Luis,
_etraductor
_94738
700 1 _aJosé A. García-Durán ;
_drevisor
_941446
700 1 _aBalcells González, Fernando,
_etraductor
_941447
700 1 _aMelé Carné, Jordi,
_etraductor
_941448
942 _2ddc
_cBK
999 _c4193
_d4193